Online
Catalog

Enseñanza y capacitación en su iglesia / (Record no. 23687)

MARC details
000 -CABECERA
campo de control de longitud fija 01065nam a2200289 a 4500
001 - NÚMERO DE CONTROL
campo de control 000024193
005 - FECHA Y HORA DE LA ÚLTIMA TRANSACCIÓN
campo de control 20260202103257.0
008 - DATOS DE LONGITUD FIJA--INFORMACIÓN GENERAL
campo de control de longitud fija 110120s1987 xxua r 000 | spa d
020 ## - NÚMERO INTERNACIONAL ESTÁNDAR DEL LIBRO
Número Internacional Estándar del Libro 0311110436
040 ## - FUENTE DE LA CATALOGACIÓN
Centro catalogador/agencia de origen DO-SdBNP
Lengua de catalogación spa
Centro/agencia transcriptor BNPHU
041 17 - CÓDIGO DE LENGUA
Código de lengua del texto/banda sonora o título independiente eng
Código de lengua del material acompañante/anejo si no son libretos spa
Fuente del código Código de idioma MARC
082 ## - NÚMERO DE LA CLASIFICACIÓN DECIMAL DEWEY
Número de clasificación 268
Número de documento/Ítem G776e
049 ## - FONDOS LOCALES (OCLC)
Fondos de biblioteca BNGR
100 1# - ENTRADA PRINCIPAL--NOMBRE DE PERSONA
Nombre de persona Graves, Guillermo
9 (RLIN) 49692
240 04 - TÍTULO UNIFORME
Título uniforme The church teaching and training
Lenguaje de la obra Español
245 10 - MENCIÓN DE TÍTULO
Título Enseñanza y capacitación en su iglesia /
Mención de responsabilidad, etc. Guillermo Graves; traducción por Rubén O. Zorzoli.
260 ## - PUBLICACIÓN, DISTRIBUCIÓN, ETC.
Lugar de publicación, distribución, etc. Texas, (Estados Unidos) :
Nombre del editor, distribuidor, etc. Casa Bautista de Publicaciones,
Fecha de publicación, distribución, etc. 1987.
300 ## - DESCRIPCIÓN FÍSICA
Extensión 151 p. :
Otras características físicas il. ;
Dimensiones 22 cm.
500 ## - NOTA GENERAL
Nota general Incluye notas al pie de páginas
500 ## - NOTA GENERAL
Nota general Incluye referencias bibliográficas
534 ## - NOTA SOBRE LA VERSIÓN ORIGINAL
Encabezamiento principal del original traducido de la edición revisada :
Mención de título del original The church teaching and training
650 #0 - PUNTO DE ACCESO ADICIONAL DE MATERIA--TÉRMINO DE MATERIA
Término de materia o nombre geográfico como elemento de entrada Educación religiosa
9 (RLIN) 682
650 #4 - PUNTO DE ACCESO ADICIONAL DE MATERIA--TÉRMINO DE MATERIA
Término de materia o nombre geográfico como elemento de entrada Educación cristiana
9 (RLIN) 11641
650 #0 - PUNTO DE ACCESO ADICIONAL DE MATERIA--TÉRMINO DE MATERIA
Término de materia o nombre geográfico como elemento de entrada Iglesia y educación
9 (RLIN) 17475
650 #4 - PUNTO DE ACCESO ADICIONAL DE MATERIA--TÉRMINO DE MATERIA
Término de materia o nombre geográfico como elemento de entrada Teología
Subdivisión general Enseñanza
9 (RLIN) 45571
700 1# - PUNTO DE ACCESO ADICIONAL--NOMBRE DE PERSONA
Nombre de persona Zorzoli, Rubén O.
Término indicativo de función/relación tr.
9 (RLIN) 49693
Holdings
Estado de retiro Estado de pérdida Restricciones de uso No para préstamo Código de colección Localización permanente Ubicación/localización actual Ubicación en estantería Fecha de adquisición Número de inventario Total de préstamos Signatura topográfica completa Código de barras Fecha visto por última vez Precio válido a partir de Tipo de ítem Koha
        Monografías: Libros y Folletos General General En catalogación 20.01.2011 LF1   268 G776e 24193-10 25.06.2020 25.06.2020 Préstamo en sala

Powered by Koha